[Event "Kramatorsk"]
[Site "Kramatorsk"]
[Date "2003.08.02"]
[Round "7"]
[White "Efimenko, Zahar"]
[Black "Arzumanian, Georgy"]
[Result "1/2-1/2"]
[WhiteElo "2546"]
[BlackElo "2418"]
[Annotator "Erenburg,S"]
[PlyCount "52"]
[EventDate "2003.07.29"]
[EventType "tourn"]
[EventRounds "14"]
[EventCountry "UKR"]
[EventCategory "10"]
[SourceTitle "CBM 097"]
[Source "ChessBase"]
[SourceDate "2003.11.11"]
[SourceVersion "1"]
[SourceVersionDate "2003.11.11"]
[SourceQuality "1"]

1. e4 c5 2. Nf3 Nc6 3. d4 cxd4 4. Nxd4 Qb6 5. Nb3 Nf6 6. Bd3 e6 7. O-O d6 {
Black has other continuations:} (7... Be7 8. c4 (8. Kh1 d5 9. exd5 exd5 10. Nc3
O-O 11. Bf4 Be6 12. Nb5 Rac8 13. Be3 $14 {1-0 Zelcic,R-Petrov,M/Metz 2002/CBM
87 ext (51)}) (8. Nc3 d6 9. a4 O-O 10. Be3 Qd8 11. f4 d5 12. e5 d4 13. Nxd4
Nxd4 14. exf6 Bxf6 15. Ne4 Nf5 16. Nxf6+ Qxf6 17. Bxf5 Qxf5 18. a5 {1/2-1/2
Shabanov,Y-Sadvakasov,D/Moscow 2002/CBM 88 (18)}) (8. Be3 Qc7 9. f4 d6 10. a3
b6 11. Nc3 a6 12. Qf3 Bb7 13. Rae1 Na5 $6 (13... O-O $5) (13... Rc8) 14. Nxa5
bxa5 15. Qh3 $16 {1-0 Socko,B-Petrov,M/Leon 2001/CBM 86 (76)}) 8... d5 $5 ({
Also deserves attention:} 8... Ne5 {See comments to Vescovi,G-Panno,O/Buenos
Aires,2000/CBM 79 (1-0)(Finkel,A)(41)}) (8... d6 9. Nc3 O-O 10. Be3 Qc7 11. Rc1
Ne5 12. Be2 b6 13. f4 Ned7 14. Bf3 Bb7 15. Bf2 a6 16. Re1 Rac8 17. Nd2 {
1/2-1/2 Kuzmin,G-Arzumanian,G/It, Kramatorsk UKR 2003 (17)}) 9. Nc3 $5 {
0-1 Kholmov,R-Golod,V/Pardubice 2002/CBM 91/[Golod,V] (31)}) (7... Qc7 8. Nc3
a6 9. f4 d6 10. Qf3 Be7 11. Bd2 Nd7 12. Rae1 O-O 13. Kh1 Nb4 14. Nb5 axb5 15.
Bxb4 Rxa2 16. e5 $13 {1-0 Naiditsch,A-Anka,E/Budapest 2000/EXT 2002 (49)}) (
7... d5 8. exd5 Nxd5 9. c4 Nf6 10. Nc3 Be7 11. c5 Qd8 12. Qe2 O-O 13. Rd1 Qc7
14. Nb5 Qb8 15. Bg5 $14 {1/2-1/2 Onischuk,A-Antoniewski,R/Koszalin 1999/CBM 73
(71)}) 8. c4 Ne5 (8... Be7 9. Nc3 Ne5 10. Be3 Qc7 11. Rc1 b6 12. Be2 a6 13. f4
Ned7 14. Nd2 Bb7 15. Bd3 Rc8 16. Qe2 Qb8 17. Rce1 O-O $11 {0-1 Shovunov,
B-Yegiazarian,A/Batumi 2001/EXT 2002 (38)}) 9. Nc3 Nxd3 {Black gets a pair of
bishops, but he has to be careful, in view of white's develolpment advantage.}
(9... a6 10. Be3 Qc7 11. Rc1 Nxd3 12. Qxd3 Be7 13. Na4 Bd7 14. Nb6 Rd8 15. f3
O-O 16. a4 Be8 17. a5 $14 {1-0 Kostenko,P-Kunte,A/Calcutta 2001/CBM 85 (64)})
10. Qxd3 a6 11. Bf4 {White is going to put pressure on the d6 pawn, forcing
black to play e6-e5, thus to take control over d5 square.} (11. Kh1 Be7 12. Be3
Qc7 13. f4 O-O 14. Rae1 Nd7 (14... b6 $5 $13) 15. Rf3 b6 $13 {1-0 Yanayt,
E-Peters,J/Memorial Day Classic, Los Angeles USA 2003 (32)}) 11... Be7 $2 $146
{According to my database, this position appeared for the first time.} ({
In the previous game black continued} 11... Bd7 12. Rad1 Rc8 13. Rfe1 Be7 14.
Bxd6 Qxd6 15. Qxd6 Bxd6 16. Rxd6 Rxc4 17. e5 Ng4 18. Na5 Rc7 19. Re4 $14 {
1-0 Timoshenko,G-Blum,G/Graz 1997/EXT 2000 (49)}) {Now white develops strong
initiative, thanks to a development advantage.} 12. Rad1 e5 $8 13. c5 $6 {
looks nice, but, probably, not the most effective.} ({Simple} 13. Bg5 {was
stronger:} Be6 (13... Bg4 14. Rd2) 14. Bxf6 Bxf6 (14... gxf6 15. Nd5 $16) 15.
Nd5 Qd8 (15... Qc6 16. Na5 $18) (15... Bxd5 16. Qxd5 $16) 16. Nxf6+ (16. c5 $5)
16... gxf6 17. Nd2 $16) 13... dxc5 14. Bxe5 O-O (14... Bg4 15. Rd2 O-O 16. Bxf6
Bxf6 17. Nd5 Qd6 18. Qc4 $16) 15. Nd5 $6 {again white misses more attractive
continuation:} (15. Bxf6 $1 Bxf6 (15... Qxf6 16. Nd5 Qd6 17. e5 Qd8 18. Qe3 $18
) 16. Nd5 Qd6 17. Qg3 Be5 (17... Qxg3 18. Nxf6+ gxf6 19. fxg3 $1 $16) 18. f4
Bxb2 19. e5 $16) (15. Qg3 {[%cal Gc3d5]} Be6 (15... Nh5 $5) 16. Nd5 Bxd5 17.
exd5 $16) 15... Nxd5 16. exd5 Bd6 17. Bxd6 (17. Qg3 Bxe5 18. Qxe5 Bg4 19. Rd2
$14 {/=}) 17... Qxd6 18. Nd2 {preparing to drive away the queen from d6 either
with Ne4 or with Nc4.} Qf6 {preparing to develop the light-squared bishop to
f5 and attacking the b2 pawn. There are some other possibilities for black:} (
18... Re8 19. Ne4 Qe7 20. Rfe1 Bf5 21. d6 Qe6 (21... Bxe4 22. dxe7 Bxd3 23.
Rxd3 $16 {[%cal Gd3d7]}) (21... Qh4 22. d7 (22. Qd5 $5) 22... Bxd7 23. Qxd7
Rxe4 24. Qxb7 $14) 22. d7 Red8 23. Qe3 Rxd7 24. Rxd7 Qxd7 25. Nxc5 Qb5 26. a4
Qc6 27. b4 (27. Nxb7 Qd6) 27... h6 28. a5 $14) (18... Rd8 19. Ne4 Bf5 (19...
Qb6 20. Qc3 $14) 20. Nxd6 Bxd3 21. Nxb7 $14) (18... Bg4 19. f3 Bd7 20. Ne4 $14
{/=}) 19. Ne4 (19. Qc3 {doesn't promise anything special:} Qxc3 20. bxc3 Bf5
21. Nc4 Rad8 22. Rfe1 b5 $11) 19... Qxb2 20. Nxc5 Qxa2 21. Qc3 {threatening to
catch black's queen with Rd2.} ({Interesting attempt was} 21. d6 {, but with
exact play black is going to neutralize the danger of passed pawn.} Be6 22. Rd2
(22. Rfe1 b5) 22... Qc4 (22... Qa5 23. Nxb7 Qb4 24. d7 Qxb7 25. d8=Q Raxd8 26.
Qxd8 $16) 23. Qxc4 Bxc4 24. Rc1 Be6 (24... b5 25. d7 Rfd8 26. Nb7 a5 $11) 25.
Nxb7 Rfc8 26. Rc7 Kf8 $11) 21... b6 $1 {Black rescues his queen and his
position becomes OK.} 22. Rd2 Qa5 23. Qxa5 bxa5 24. d6 Be6 {Black stops
white's passed pawn "d" quite easily, as black monarch is close to it.} 25. Nb7
Bd7 26. Nxa5 Rab8 1/2-1/2

[Event "BLR-ch 71st"]
[Site "Minsk"]
[Date "2005.03.11"]
[Round "8"]
[White "Azarov, Sergei Nikolaevich"]
[Black "Fedorov, Alexei"]
[Result "1/2-1/2"]
[WhiteElo "2565"]
[BlackElo "2603"]
[Annotator "Erenburg,S"]
[PlyCount "37"]
[EventDate "2005.03.04"]
[EventType "tourn"]
[EventRounds "13"]
[EventCountry "BLR"]
[EventCategory "9"]
[SourceTitle "CBM 106"]
[Source "ChessBase"]
[SourceDate "2005.06.06"]
[SourceVersion "1"]
[SourceVersionDate "2005.06.06"]
[SourceQuality "1"]

1. e4 c5 2. Nf3 Nc6 3. d4 cxd4 4. Nxd4 e5 5. Nb5 d6 6. c4 Be7 (6... Be6 {
is another theoretical line.}) 7. N1c3 {Other theoretical possibilities are:} (
7. Bd3 {---> 0-1 Apicella,M-Degraeve,J/Aix les Bains 2003/CBM 97_01/[Erenburg]
(38)}) (7. b3 $5 {---> 0-1 Anand,V-Radjabov,T/Dortmund 2003/CBM 97_01/
[Radjabov] (39)}) (7. Be2 {---> 0-1 Landenbergue,C-Kishnev,S/SUI 1992/CBM 31/
[Blatny,P] (17)}) 7... a6 8. Na3 f5 {Alexei chose one of the most aggressive
lines in Kalashnikov variation.} 9. Bd3 {forcing black to push forward "f"
pawn, that there will not be black's pressure on e4 pawn.} (9. Nc2 Nf6 10. exf5
Bxf5 11. Ne3 Be6 12. Bd3 Nd4 13. O-O O-O {---> 1-0 Dvoirys,S-Degraeve,J/
Koszalin 1999/CBM 073/[Gershon] (40)}) (9. exf5 Bxf5 10. Bd3 Bxd3 11. Qxd3 Nf6
12. Nc2 O-O 13. O-O Kh8 14. b3 Qe8 15. f3 Rc8 16. Bg5 Nh5 17. Bxe7 Qxe7 18. Ne4
Rcd8 19. g3 Nf6 20. Rad1 Rd7 21. Kg2 Rfd8 22. Ne3 $16 {1-0 Acs,P-Cao,S/
Budapest HUN 1999 (41)}) 9... f4 10. g3 {trying to win the pawn. The
alternative is} (10. Nc2 {---> 1-0 Volokitin,A-Nataf,I/Ohrid 2001/CBM 084/
[Gershon] (44)}) 10... Nf6 {Black sacrifices the pawn, as it opens the "f" and
"e" files for him, and he will get an important square e5 for his knight.} 11.
gxf4 exf4 12. Bxf4 O-O 13. Bg3 {It seems logical to move away the bishop from
the "f" file. White tried also:} (13. Be2 Kh8 14. Bg3 Bh3 15. Rg1 Qb6 16. Qd2
Nd4 17. O-O-O Nxe2+ 18. Qxe2 Rac8 19. Nc2 Qc5 20. Ne3 b5 21. Kb1 bxc4 22. Ncd5
Nxd5 23. Nxd5 Bf6 $11 {1/2-1/2 Bucher,D-Ekstroem,R/Switzerland 2000/EXT 2001 
(81)}) (13. Rg1 Ne5 14. Be2 Nfg4 15. Bg3 Bh4 16. Rg2 Bxg3 17. hxg3 Qf6 18. Nd5
Qh6 19. Bf1 Nf3+ 20. Ke2 Nge5 21. Ne7+ Kh8 22. Nxc8 Raxc8 $17 {0-1 Agdestein,
S-Shaw,J/Catalan Bay 2003/CBM 092 ext (29)}) (13. Qd2 Ng4 14. Nd5 Nxf2 15.
Nxe7+ Nxe7 16. Qxf2 Ng6 17. O-O-O Rxf4 18. Qe3 Bg4 $15 {1/2-1/2 Ferguson,
M-Rodriguez,M/Benasque 1997/EXT 98 (48)}) 13... Bh3 $146 {New move. Black
prevents from white to castle short, and now he hopes to use his development
advantage. In a preceding game black continued} (13... Ng4 14. Be2 $2 (14. O-O
$5 {Probably, this move is a main reason why Alexei prefered 13...Bh3 to 13...
Ng4...}) 14... Nxf2 $1 15. Qd5+ (15. Bxf2 Rxf2 16. Kxf2 Bh4+ 17. Kg2 Qg5+ 18.
Bg4 Ne5 (18... Bxg4 19. Qd5+ $18) 19. h3 h5 $40) 15... Kh8 16. Bxf2 Nb4 17. Qh5
Rxf2 18. Kxf2 Bh4+ 19. Kg2 g6 20. Qf3 Qg5+ 21. Kf1 Bh3+ 22. Qxh3 Rf8+ 23. Bf3
Qe3 24. Qxh4 Nd3 25. Nd5 Qxf3+ 26. Kg1 Nf2 27. Kf1 Qxh1+ 28. Ke2 Qxa1 {0-1
Nunn,J-Nataf,I/ch-FRA (team), 1999 (28)}) 14. Bf1 {The main idea of this move
is to cover the d4 square...} ({Worth consideration:} 14. Rg1 Qb6 15. Nc2 Ng4 (
15... Ne5 16. Be2 $14) 16. Nd5 (16. Be2 Nxf2 17. Qd5+ Kh8 18. Na4 Qa7 19. c5
Nxe4 20. Qxe4 Bf5 21. Qc4 dxc5 22. Ne3 b5 23. Qd5 Nb4 $17) 16... Qxb2 17. Qb1
Bf6 18. Qxb2 Bxb2 19. Rb1 Bd4 20. Rxb7 Bc5 21. Nce3 $14) (14. Qd2 {is met by}
Nd4 $1 $44) 14... Qd7 15. Qd2 {I'm not sure, that d2- is the best location for
white's queen...} ({Comes to consideration:} 15. Bxh3 Qxh3 16. Qe2 {and it is
not so clear how black can get a sufficient compensation in this position.} Ne5
(16... Nd4 17. Qd3 $16) (16... Rac8 17. O-O-O $16) (16... b5 $5 17. cxb5 axb5
18. Naxb5 Ne5 $13) 17. O-O-O $16 {[%cal Yf2f4]}) 15... Bxf1 (15... Ne5 {
is too slow:} 16. O-O-O Bxf1 17. Rhxf1 Qe6 18. Qe2 $14) 16. Rxf1 b5 $1 {
White's monarch is still in the centre, that's why black is ready to sacrifice
another pawn!} (16... Qe6 $5 17. Qe2 Rac8 18. O-O-O Ne5 $13) 17. cxb5 axb5 18.
Naxb5 Nb4 19. f3 {strengthening the centre. The opponents agreed for a draw in
very interesting and sharp position... Here are some possible variations:} (19.
Bxd6 Nxe4 $1 (19... Rfd8 20. Rd1 Nxe4 (20... Qe6 21. Nc7) (20... Bxd6 21. Qxd6
Nc2+ 22. Ke2) 21. Nxe4 Qxb5 22. Qxb4 Qxb4+ 23. Bxb4 Bxb4+ 24. Ke2 $14) 20. Nxe4
Qxb5 21. Bxe7 Nd3+ $44) (19. f3 Nxa2 (19... d5 20. Rd1) 20. Nd5 Qxb5 21. Nxe7+
Kh8 22. Rf2 Nb4 23. Rd1 $13) 1/2-1/2

[Event "EU-chT (Men) 14th"]
[Site "Plovdiv"]
[Date "2003.10.19"]
[Round "8.2"]
[White "Pavlovic, Milos"]
[Black "Fedorov, Alexei"]
[Result "0-1"]
[WhiteElo "2593"]
[BlackElo "2595"]
[Annotator "Erenburg,S"]
[PlyCount "86"]
[EventDate "2003.10.10"]
[EventType "team-swiss"]
[EventRounds "9"]
[EventCountry "BUL"]
[SourceTitle "CBM 098"]
[Source "ChessBase"]
[SourceDate "2004.02.03"]
[SourceVersion "1"]
[SourceVersionDate "2004.02.03"]
[SourceQuality "1"]
[WhiteTeam "Serbia & Montenegro"]
[BlackTeam "Belarus"]
[WhiteTeamCountry "YUG"]
[BlackTeamCountry "BLR"]

1. e4 c5 2. Nf3 Nc6 3. d4 cxd4 4. Nxd4 e5 5. Nb5 d6 6. N1c3 a6 7. Na3 b5 8. Nd5
Nge7 {There are other theoretical possibilities:} (8... Nf6 {1-0 Bologan,
V-Tregubov,P/Belfort 2002/CBM 90/[Bologan] (30)}) (8... Be7 {1-0 Holmsten,
A-Yagupov,I/Ubeda 2000/CBM 75/[Finkel,A] (36)}) (8... Nce7 {1-0 Shirov,
A-Fedorov,A/Istanbul 2000/EXT 2001/[Gershon] (28)}) 9. c4 Nd4 10. Be3 {Another
way to fight for an advantage is} (10. cxb5 {0-1 Kruppa,Y-Rotstein,A/Minsk
1993/CBM 36/[Chekhov] (42)}) 10... Nxd5 11. cxd5 Be7 (11... f5 {is possible
alternative to the move in the game:} 12. Bd3 fxe4 13. Bxe4 Nf5 14. Qd3 Nxe3
15. Qxe3 Qa5+ 16. Ke2 Be7 17. Qd3 g6 18. h4 $13 {1-0 Bluvshtein,M-Miton,K/Bled
2002/EXT 2003 (33)}) 12. Bd3 O-O 13. O-O Bf6 {Black has the following options:}
(13... f5 $6 {1-0 Kiselev,M-Ioffe,A/St Petersburg 1994/CBM 41/[Wahls] (37)}) (
13... Bd7 14. Qd2 Rc8 15. Bxd4 exd4 16. Nc2 Qb6 17. h3 Bf6 18. f4 Rfe8 19. Kh2
g6 20. Ne1 $14 {[%cal Ye1f3] 1-0 Bacrot,E-Mochalov,E/ECC, Rethymnon GRE 2003 
(61)}) 14. Qd2 g6 15. f4 $146 {New move. In the preciding game white tried} (
15. Bxd4 exd4 16. Nc2 Qb6 17. Rad1 Re8 18. h3 Bg7 19. Rfe1 Ra7 20. Nb4 Rc7 21.
Nc6 Bd7 22. Na5 Rec8 23. Qb4 Be5 24. Nb3 {1/2-1/2 Tiviakov,S-Fedorov,A/EuTCh,
Plovdiv BUL 2003 (24)}) 15... Bg7 16. f5 {White is going to capture on g6,
thus, activating the rook through "f" file.} (16. fxe5 dxe5 17. Nc2 f5 18. Nxd4
exd4 19. Bg5 Qd6) 16... Kh8 $2 (16... Ra7 17. Rac1) ({Better was} 16... gxf5
17. exf5 Bf6) 17. Kh1 $2 {Too slow. White had to play more aggressive:} (17.
fxg6 fxg6 (17... hxg6 18. Rac1 $16) 18. Rxf8+ Qxf8 19. Rf1 Qe7 20. Nc2 $16) (
17. Rac1 $5) 17... gxf5 18. exf5 Bf6 19. Nb1 $6 {In my opinion, unsuccessful
idea. White hopes to occpy the e4 square by the knight, transfers it via c3 .
But, it is unrealistic, as white's "d" pawn will be unprotected, if he moves
the knight from c3. Better was} (19. Rac1 Bb7 20. Be4) 19... Bb7 20. Nc3 Rg8
$11 {threatening b5-b4. Black succeeded to equalize the position, as almost
all his pieces located well. White missed his chance, and now suffers from
unsuccessful location of c3 knight.} 21. Be4 (21. Rac1 {bad, in view of} b4 22.
Ne4 Bxd5 23. Bxd4 exd4) ({Deserved attention:} 21. b4 Rc8 (21... a5 22. Qb2)
22. Rac1) 21... Rc8 22. Qd3 (22. b4 $2 Rc4) 22... Rc5 {putting the pressure on
the d5 pawn.} ({Black still isn't ready for} 22... b4 23. Bxd4 exd4 24. Ne2 $14
{[%cal Ge2f4]}) 23. a4 {The most principal continuation.} b4 24. Ne2 Qa8 $6 ({
Probably better was} 24... Bxd5 25. Bxd5 Rxd5 26. Bxd4 Qa8 $1 $15) 25. Nf4 $1 (
{Worse is} 25. Bxd4 Bxd5 $1 26. Bxd5 Qxd5 27. Rf3 exd4 28. Qxa6 Rc2 $15) 25...
a5 $1 {setting free the a6 square for a light-squared bishop.} 26. Bxd4 exd4
27. Qh3 $36 Qd8 28. Rf3 $2 {White started an attack too early. He isn't
consolidated yet, therefore, he is going to lose material.} ({Better was} 28.
Rae1) 28... Qe7 $1 29. Bd3 ({After} 29. Qh5 {black has enough resourses to
parry white's attack:} Qxe4 (29... Rg7 30. Qh6 $1 {[%cal Gf4h5]} Qxe4 $1 (30...
Bg5 31. f6 Qxf6 32. Qxf6 Bxf6 33. Nd3 $14) 31. Qxf6 Qe5 32. Qd8+ (32. Qh4 Rc8
33. f6 Rg5 34. Rh3 Qf5 $15) 32... Rg8 33. Qh4 Rcc8 34. Re1 Qxf5 $11) 30. Qxf7
Qxf5 (30... Qe7 31. Ng6+ Rxg6 32. fxg6 $16) 31. Qxb7 (31. Ne6 Bxd5 $1 32. Rxf5
Bxg2+ 33. Kg1 Rxf5) 31... Be5 $17) 29... Bxd5 30. Rg3 $2 ({The least of the
evils was to change black's powerful light-squared bishop:} 30. Nxd5 Rxd5 31.
Qh5 Re5 $15) 30... Bc6 $17 {Now it is clear, that black's advantage is obvious,
as he has a material advantage, as well as positional one, thanks to a pair of
bishops.} (30... Rxg3 31. hxg3 (31. Qxg3 Qe3) 31... Bc6 $17) 31. Rf1 Re5 (31...
Rxg3 {comes to consideration.}) 32. Qh6 Rxg3 33. hxg3 Bg5 34. Qh5 h6 35. Kh2 $2
{White gives black another pawn. Better was to defend it with} (35. b3 {
, but the position favours black anyway.} Re1 36. Rxe1 Qxe1+ 37. Kh2 Kg7 $17)
35... Be4 $2 {It was better to capture another pawn.} (35... Bxa4 36. Rc1 Rc5
37. Re1 Qf6 $19 (37... Qxe1 38. Qxf7 $18)) 36. Bxe4 Rxe4 37. Nd5 Qb7 38. Nf6
Re7 39. Rf4 $6 {White had more chances after} (39. Ng4 $1 Re2 $1 (39... Kh7 40.
Rf4 $1 $44) (39... f6 40. Qg6 Re2 41. Rf2) 40. Rf2 (40. Rg1 f6 41. Nxh6 Qh7 42.
Nf7+ Kg7 43. Qxh7+ Kxh7 $19) 40... Rxf2 41. Nxf2 Qd7 $17) 39... Kg7 40. Ng4 ({
Doesn't change an evaluation:} 40. Nd5 Re5 (40... Re1 41. f6+ Kf8 42. Rxd4) (
40... Qxd5 41. f6+) 41. Rxd4 (41. f6+ Bxf6) 41... Qc8 $1 $17 {[%cal Gc8c5,
Gc8f5]} (41... Rxd5 42. Qf3)) 40... Re2 41. Nf2 $2 {too passive and loses
immediately. More resistant was} (41. f6+ $1 Kf8 (41... Kh7 42. Nf2 Re5 43. Qg4
) 42. Nf2 Re6 (42... Rxb2 43. Rf5) (42... d3 43. Rf5) 43. Rf5 Rxf6 44. Rxf6
Bxf6 45. Qxa5 Be5 $17) 41... d3 $19 {White has nothing to do against black's
activity and material advantage.} 42. f6+ (42. Rg4 {loses as well:} Rxf2 43.
Rxg5+ Kh7 44. Qh3 Rxg2+ $19) 42... Bxf6 43. Ne4 (43. Rg4+ {doesn't help white
too much:} Bg5 44. Rxg5+ hxg5 45. Qxg5+ Kf8 46. Qd8+ Re8 47. Qxd6+ Kg8 48. Qxd3
(48. Ng4 Re6 49. Qd8+ Kg7 50. Qd4+ f6) 48... Qb6 $19) 43... Bg5 {In addition,
white is going to lose the knight, therefore, he resigns.} (43... Bg5 44. Qg4
f5 $1 (44... Kf8) 45. Qxf5 Bxf4 $19) 0-1

[Event "CHN-CIS"]
[Site "Beijing"]
[Date "1991.??.??"]
[Round "?"]
[White "Wang, Zili"]
[Black "Ambartsoumian, Armen"]
[Result "1-0"]
[WhiteElo "2495"]
[BlackElo "2345"]
[Annotator "Ernst,T"]
[PlyCount "80"]
[EventDate "1991.??.??"]
[EventType "team"]
[EventRounds "9"]
[EventCountry "CHN"]
[SourceTitle "CBM 028"]
[Source "ChessBase"]
[SourceDate "1992.06.01"]
[SourceVersion "1"]
[SourceVersionDate "1992.06.01"]
[SourceQuality "1"]

1. e4 c5 2. Nf3 Nc6 3. d4 cxd4 4. Nxd4 e5 5. Nb5 d6 6. c4 Be7 7. Be2 a6 8. N5c3
Be6 9. O-O Nd4 10. Na3 Nxe2+ 11. Qxe2 Nf6 12. Be3 O-O 13. Rfd1 (13. f3 Rc8 14.
Rac1 Nh5 15. Qd2 f5 $5 16. Rfd1 $14 {Ivanchuk - Short, Tilburg 1990}) 13... Qa5
14. Bg5 h6 15. Bh4 Rac8 16. Rd3 g5 17. Bg3 Kg7 18. h4 Qc5 19. hxg5 hxg5 20. Qd2
Kg6 21. b4 Qxb4 22. Rb1 Qc5 23. Rxb7 Rc7 24. Rxc7 Qxc7 25. Nd5 Bxd5 26. exd5
Ne4 27. Qe2 f5 28. Bh2 Nc5 29. Re3 Rh8 $2 {Schwarz hatte eine sehr gute
Stellung, aber dieser Zug verdirbt alles.} 30. Rxe5 $3 $16 dxe5 31. Bxe5 Bd6
32. Bxh8 Ne4 33. Qb2 Bc5 34. Bd4 Bxa3 35. Qxa3 Qxc4 36. Be3 f4 37. Ba7 Nc3 38.
Qd6+ Kh5 39. Qd7 Qxd5 40. Qh7+ Kg4 1-0

[Event "Sonnevanck 5th"]
[Site "Wijk aan Zee"]
[Date "1995.??.??"]
[Round "9"]
[White "Nijboer, Friso"]
[Black "Armas, Julius"]
[Result "1-0"]
[WhiteElo "2510"]
[BlackElo "2415"]
[Annotator "Ernst,T"]
[PlyCount "97"]
[EventDate "1995.02.??"]
[EventType "tourn"]
[EventRounds "9"]
[EventCountry "NED"]
[EventCategory "9"]
[SourceTitle "CBM 046"]
[Source "ChessBase"]
[SourceDate "1995.06.01"]
[SourceVersion "1"]
[SourceVersionDate "1995.06.01"]
[SourceQuality "1"]

1. e4 c5 2. Nf3 Nc6 3. d4 cxd4 4. Nxd4 d5 $6 {[#]} 5. Nxc6 (5. Nc3 dxe4 6. Nxc6
Qxd1+ 7. Kxd1 bxc6 8. Nxe4 $14) 5... bxc6 6. exd5 Qxd5 7. Nc3 Qxd1+ 8. Nxd1 $14
{[#] >< a7,c6} e5 9. Be2 Be6 10. O-O Nf6 11. Ba6 Rb8 12. Re1 Bd6 13. b3 Nd5 14.
Bb2 {[#]} Nb4 (14... f6 $142) 15. Bd3 $16 Ke7 16. Bxe5 Bxe5 17. Rxe5 Nxd3 18.
cxd3 Rhd8 19. Re3 {[#]} Rb5 20. Rc1 Rbd5 21. Nb2 c5 22. Kf1 Rh5 23. h3 Kd6 24.
Ke2 Rd7 25. f4 Rf5 26. Rf1 g5 27. Nc4+ Bxc4 28. dxc4 $18 gxf4 29. Re4 Rc7 30.
Rexf4 Rxf4 31. Rxf4 {[#]} Ke5 32. Ke3 f5 33. g4 fxg4 34. hxg4 a5 35. Rf5+ Ke6
36. Ke4 a4 37. bxa4 Ra7 38. Rxc5 Rxa4 39. Rc7 h5 40. gxh5 Kd6 41. Rc8 Kd7 42.
Rc5 Kd6 43. Kd4 Rxa2 44. Rd5+ Kc6 45. Rg5 Rd2+ 46. Ke5 Kc5 47. h6 Rh2 48. Kf6+
Kxc4 49. Kg7 1-0

[Event "Capablanca Memorial-B"]
[Site "Matanzas"]
[Date "1994.??.??"]
[Round "2"]
[White "Arencibia Rodriguez, Walter"]
[Black "Elissalt Cardenas, Hector"]
[Result "1-0"]
[WhiteElo "2485"]
[BlackElo "2415"]
[Annotator "Ernst,T"]
[PlyCount "65"]
[EventDate "1994.??.??"]
[EventType "tourn"]
[EventRounds "13"]
[EventCountry "CUB"]
[EventCategory "8"]
[SourceTitle "CBM 043"]
[Source "ChessBase"]
[SourceDate "1994.12.01"]
[SourceVersion "1"]
[SourceVersionDate "1994.12.01"]
[SourceQuality "1"]

1. e4 c5 2. Nf3 Nc6 3. d4 cxd4 4. Nxd4 e5 5. Nb5 d6 6. c4 Be7 7. N1c3 a6 8. Na3
Be6 9. Nc2 Rc8 (9... Bg5 10. Qd3 (10. Ne3 Nge7 11. Bd3 O-O 12. O-O Rc8 (12...
Nd4 13. b3 g6 14. Ne2 Ndc6 15. Kh1 Bf6 16. Nd5 Bg7 17. Bg5 Rb8 18. Rc1 f6 19.
Be3 f5 {Frolov,A-Milov,V/URS-qualJ Sochi/1990/} 20. f3 $14) 13. Ncd5 Nd4 14.
Bd2 (14. b3 Nxd5 (14... Bxd5 $6 15. exd5 g6 16. Qg4 $1 Bh6 17. Bb2 Bg7 18. Bxd4
exd4 19. Nc2 $16 {Frolov-Tiviakov/50-(180)/1990/}) 15. cxd5 (15. exd5 Bd7 16.
Bb2 b5 17. cxb5 axb5 18. Bxd4 exd4 19. Nf5 Bxf5 20. Bxf5 Rc5 21. b4 Rc4 22. a3
Qa8 $10 {Kruppa,Y-Minasjan,A/Minsk/1990/}) 15... Bd7 16. Bb2 Bxe3 17. fxe3 Nb5
18. a4 Nc7 19. Ba3 Ne8 20. Qd2 Bg4 $13 {Brodsky,M-Minasjan,A/URS-chJ Kherson/
1991/}) 14... Nxd5 15. cxd5 Bd7 16. Bb4 Bb5 17. Bxb5 Nxb5 18. a4 Bxe3 19. axb5
Bb6 20. bxa6 bxa6 21. Rxa6 f5 $44 {Dvoirys,S-Sveshnikov,E/Budapest Spring-op/
1989/}) (10. Be2 Bxc1 11. Rxc1 Nf6 12. O-O O-O 13. Qd2 Qb6 14. Rfd1 Rfd8 15. h3
Rac8 16. b3 $14 {Brodsky,M-Maliutin,A/URS-qualJ Jurmala/1989/}) 10... Bxc1 11.
Rxc1 Nf6 12. Be2 O-O 13. O-O Ne8 14. Nd5 g6 15. Rfd1 Qh4 16. g3 Qh6 17. Qe3 Qg7
18. Ncb4 {Novgorodsky-Fomin/Kstovo op/1994/} Nd4 $13) 10. b3 (10. Nd5 Nf6 11.
f3 O-O 12. Be3 Nb8 13. Be2 b5 $10 {Amidzhic,O-Beshukov,S/Krasnodar/1991/})
10... Bg5 (10... Nf6 11. Bd3 $1 (11. Be2 O-O 12. O-O b5 $1 $10 {Rocha,W-Vlad,D/
WchJ-Mamaia/1991/,Timman-Short/Beograd/1989/}) 11... O-O 12. Bb2 Re8 13. O-O
Bf8 14. Qd2 Ne7 15. Rfe1 Ng6 16. g3 $1 $14 {Ivanchuk,V-Boensch,U/Novi Sad olm/
1990/}) 11. Bb2 $1 Nf6 12. Be2 O-O 13. O-O Ne7 14. Qd3 Qc7 15. Rad1 Rfd8 16.
Ne3 Qa5 17. Rfe1 Nc6 18. Bf1 Nd4 19. Nf5 $5 Nxe4 $2 (19... Bxf5 20. exf5 $13)
20. Nxd4 Nc5 21. Qg3 $1 exd4 22. Nd5 Bh6 23. Ne7+ Kh8 24. Nxc8 Rxc8 25. Bxd4
$18 Qxa2 26. b4 Nb3 27. Bc3 Qc2 28. Qxd6 $1 Bg5 (28... Qxc3 29. Qd8+ $18) 29.
Qg3 Qg6 30. h4 Bf6 31. Qxg6 hxg6 32. Bxf6 gxf6 33. Re3 1-0